Premier League Appearances by Nationality: Mexico - Statistics

General Stats
  • This quiz has been taken 11 times
  • The average score is 5 of 10
Answer Stats
Appearances Player % Correct
158 Javier Hernandez
100%
220 Raul Jimenez
90%
37 Carlos Vela
60%
59 Edson Alvarez
60%
17 Giovanni dos Santos
50%
12 Julian Araujo
40%
19 Jared Borgetti
30%
23 Carlos Salcido
20%
23 Guillermo Franco
10%
14 Pablo Barrera
10%
No matching quizzes found
Score Distribution
Percent of People with Each Score
Percentile by Number Answered
Your Score History
You have not taken this quiz